00685nam a2200145 4500008004100000082001600041100002000057245016600077260005900243260008600302300003100388650004400419650003800463650003800501231213b |||||||| |||| 00| 0 eng d a305.42bHEL aHélie, Anissa a Feminism in the Muslim World Leadership Institutes : 1998 & 1999 reports bIstanbul, Turkey, September 14-26, 1998 : Lagos, Nigeria, October 25-November 5, 1999 a Rutgers:bCenter for Women's Global Leadership,c2000 aLondon:bWomen Living Under Muslim Laws, International Coordination Office,c2000 a ix, 114 p. : ill. ; 23 cm aFeminism- Islamic countries- Congresses aMuslim women- Legal status, laws, aWomen's rights- Islamic countries